| 000 | 00995nam a22002417a 4500 | ||
|---|---|---|---|
| 005 | 20110510112514.0 | ||
| 008 | 110510t xxu||||| |||| 00| 0 eng d | ||
| 010 | _aENG-102415 | ||
| 020 |
_a9789380388359 _c995.00 |
||
| 035 | _aEN-85948 | ||
| 037 | _bDBAD/PUB | ||
| 040 |
_aDPL _bEng |
||
| 082 | _a362.880830954 | ||
| 100 |
_aIqbal Mohammed _927875 |
||
| 245 |
_aSaving children from a life of crime : _cby Iqbal Mohammed _ba sociological perspective / |
||
| 260 |
_aNew Delhi _bDPS Publishing House _c2011 |
||
| 270 |
_aRoom No. 213,7/28 Mahavir Street, Ansari Road, Daryaganj _bNew Delhi _e110002 _k011-23251264, 91-9811734184 _mprashant_pbd@yahoo.co.in |
||
| 300 |
_aviii,280p. _c22cm (Hb) |
||
| 500 | _aIncludes bibliographical references and index | ||
| 650 | _927887 | ||
| 942 |
_2ddc _cEN _h362.880830954 _mIQB |
||
| 999 |
_c52272 _d52272 |
||